Infecciones en urgencias. (Registro nro. 481)
[ vista simple ]
| 000 -LEADER | |
|---|---|
| fixed length control field | 01314 am a2200349 a 4500 |
| 005 - FECHA ULTIMA MODIFICACION | |
| control field | 20240222115547.0 |
| 008 - CAMPO DE CONTROL (LIBRO) | |
| fixed length control field | 100706s2002||||sp d f |||| 001 0 spa d |
| 020 ## - INTERNATIONAL STANDARD BOOK NUMBER | |
| ISBN | 8488825706 |
| 041 ## - CODIGO DE IDIOMA | |
| Código de idioma del texto/pista de sonido o título separado | spa |
| 092 ## - SIGNATURA TOPOGRAFICA DEWEY LOCAL | |
| número de clasificación | 616.025 |
| libristica | 39 |
| sección | INF |
| 245 ## - TITULO PROPIAMENTE DICHO | |
| Título | Infecciones en urgencias. |
| Subtítulo y Título paralelo | Terapéutica antimicrobiana / |
| Mención de responsabilidad y remanente de la transcripción de la portada | Josep Mensa Pueyo |
| 250 ## - MENCION DE EDICION | |
| Mención de edición | 4a ed. |
| 260 ## - PIE DE IMPRENTA | |
| Lugar de publicación, distribución, etc | Barcelona: |
| Nombre de la editorial, distribuidor, etc | Antares; |
| Fecha de publicación | 2002. |
| 300 ## - DESCRIPCION FISICA | |
| Extension | 542 p. |
| 500 ## - NOTA GENERAL | |
| Nota general | Mensa Pueyo, J. et al. (2002). Infecciones en urgencias. Terapéutica antimicrobiana. (4a ed.). Barcelona : Antares. |
| 653 ## - TÉRMINO INDIZADO - PALABRAS CLAVES | |
| Palabra clave | Síndromes de patologías infecciosas |
| 653 ## - TÉRMINO INDIZADO - PALABRAS CLAVES | |
| Palabra clave | Tratamiento de las infecciones producidas por microorganismos específicos |
| 653 ## - TÉRMINO INDIZADO - PALABRAS CLAVES | |
| Palabra clave | Antimicrobianos |
| 653 ## - TÉRMINO INDIZADO - PALABRAS CLAVES | |
| Palabra clave | Profilaxis postexposición y profilaxis en cirugía |
| 653 ## - TÉRMINO INDIZADO - PALABRAS CLAVES | |
| Palabra clave | Urgencias en pacientes infectados por el VIH y con SIDA |
| 700 1# - ENTRADAS SECUNDARIAS - NOMBRE PERSONAL | |
| Nombre personal | Mensa Pueyo, Josep |
| 9 (RLIN) | 1734 |
| 700 1# - ENTRADAS SECUNDARIAS - NOMBRE PERSONAL | |
| Nombre personal | Gatell Artigas, Josep M. |
| 9 (RLIN) | 1087 |
| 700 1# - ENTRADAS SECUNDARIAS - NOMBRE PERSONAL | |
| Nombre personal | Martínez Martínez, José Antonio. |
| 9 (RLIN) | 1088 |
| 700 1# - ENTRADAS SECUNDARIAS - NOMBRE PERSONAL | |
| Nombre personal | Torres Martí, Antonio. |
| 9 (RLIN) | 1089 |
| 700 1# - ENTRADAS SECUNDARIAS - NOMBRE PERSONAL | |
| Nombre personal | Ruíz Palacio, Guillermo. |
| 9 (RLIN) | 1090 |
| 700 1# - ENTRADAS SECUNDARIAS - NOMBRE PERSONAL | |
| Nombre personal | López, Horacio. |
| 9 (RLIN) | 1091 |
| 700 1# - ENTRADAS SECUNDARIAS - NOMBRE PERSONAL | |
| Nombre personal | Arredondo-García, José Luis. |
| 9 (RLIN) | 1092 |
| 700 1# - ENTRADAS SECUNDARIAS - NOMBRE PERSONAL | |
| Nombre personal | Castro Méndez, Julio S. |
| 9 (RLIN) | 1093 |
| 700 1# - ENTRADAS SECUNDARIAS - NOMBRE PERSONAL | |
| Nombre personal | Luna, Juan Manuel. |
| 9 (RLIN) | 1094 |
| 930 ## - NUMERO DE INVENTARIO | |
| Número de inventario | 1320 |
| 942 ## - ADDED ENTRY ELEMENTS (KOHA) | |
| Source of classification or shelving scheme | Dewey Decimal Classification |
| Item type | Libros |
| Estado de retiro | Existencia | Estado general | No para prestamo | Ubicación permanente | ubicación actual | Sala de ubicación | Fecha de adquisición | Total Checkouts | Número de clasificación | Código de barras | Date last seen | Número de ejemplar | Price effective from | Koha tipo de elemento (item) |
|---|---|---|---|---|---|---|---|---|---|---|---|---|---|---|
| Biblioteca Medicina | Biblioteca Medicina | Circulación | 13/05/2011 | 616.025 39 INF | 1320 | 06/11/2014 | ej.1 | 13/05/2011 | Libros |